Missing Word: New England Movies Quiz Stats

 Plays Quiz Updated Mar 19, 2019

Score 0/20 Timer 02:30
2 Plays Today
Title Missing word % Correct
___ PocusHocus
98.3%
Dead Poets ___Society
98%
The Shawshank ___Redemption
97.8%
The Scarlet ___Letter
94.1%
The Stepford ___Wives
93.2%
The ___ According to GarpWorld
93.2%
The ___ of EastwickWitches
93.2%
The ___ House RulesCider
90.1%
Mona Lisa ___Smile
88.9%
Me, Myself and ___Irene
87.8%
Title Missing word % Correct
On Golden ___Pond
87.8%
The Social ___Network
87.4%
The ___ StormPerfect
87.3%
Dan in Real ___Life
80.9%
Sucker ___Punch
77.1%
What About ___?Bob
63.8%
The ___ with HarryTrouble
61.6%
Moonrise ___Kingdom
53%
The ___ New HampshireHotel
46.1%
In the ___ of the SeaHeart
36.6%

Today's Daily Dose

Missing Word
TV IA - IZ

Word Ladder
Home Improvement

Get the Picture
Wrist or Ankle Bones

You're not logged in!

Compare scores with friends on all Sporcle quizzes.
OR
Log In

You Might Also Like...

Show Comments

Extras

Top Quizzes Today


Score Distribution

Your Account Isn't Verified!

In order to create a playlist on Sporcle, you need to verify the email address you used during registration. Go to your Sporcle Settings to finish the process.

Report this User

Report this user for behavior that violates our Community Guidelines.

Details: